Online
Catalog

Look to this day! : (Record no. 18696)

MARC details
000 -CABECERA
campo de control de longitud fija 00780cam a2200217 a 4500
001 - NÚMERO DE CONTROL
campo de control 000019178
005 - FECHA Y HORA DE LA ÚLTIMA TRANSACCIÓN
campo de control 20200929165937.0
008 - DATOS DE LONGITUD FIJA--INFORMACIÓN GENERAL
campo de control de longitud fija 850124s1965 maua 001 0beng d
040 ## - FUENTE DE LA CATALOGACIÓN
Centro catalogador/agencia de origen DO-SdBNP
Centro/agencia transcriptor ICU
Centro/agencia modificador DLC
-- BNPHU
082 ## - NÚMERO DE LA CLASIFICACIÓN DECIMAL DEWEY
Número de clasificación nnnn
Número de documento/Ítem C196l
049 ## - FONDOS LOCALES (OCLC)
Fondos de biblioteca BNGR
100 1# - ENTRADA PRINCIPAL--NOMBRE DE PERSONA
Nombre de persona Campion, Nardi Reeder,
9 (RLIN) 41280
245 10 - MENCIÓN DE TÍTULO
Título Look to this day! :
Resto del título the lively education of a great woman doctor: Connie Guion, M.D. /
Mención de responsabilidad, etc. Nardi Reeder Campion, Rosamond Wilfley Stanton.
260 ## - PUBLICACIÓN, DISTRIBUCIÓN, ETC.
Lugar de publicación, distribución, etc. Boston ;
-- Toronto :
Nombre del editor, distribuidor, etc. Little, Brown,
Fecha de publicación, distribución, etc. 1965.
300 ## - DESCRIPCIÓN FÍSICA
Extensión xii,[1- 308] p. :
Otras características físicas ill. ;
Dimensiones 21 cm.
500 ## - NOTA GENERAL
Nota general Includes index
600 10 - PUNTO DE ACCESO ADICIONAL DE MATERIA--NOMBRE DE PERSONA
Nombre de persona Guion, Connie,
Fechas asociadas al nombre 1882-
9 (RLIN) 41281
650 #0 - PUNTO DE ACCESO ADICIONAL DE MATERIA--TÉRMINO DE MATERIA
Término de materia o nombre geográfico como elemento de entrada Women physicians
Subdivisión general Biography.
9 (RLIN) 41282
700 1# - PUNTO DE ACCESO ADICIONAL--NOMBRE DE PERSONA
Nombre de persona Stanton, Rosamond Wilfley,
9 (RLIN) 41283
910 ## - DATOS DE OPCIÓN DEL USUARIO (OCLC)
Datos de opción del usuario Catalogación derivada / LC
Holdings
Estado de retiro Estado de pérdida Restricciones de uso No para préstamo Código de colección Localización permanente Ubicación/localización actual Ubicación en estantería Fecha de adquisición Número de inventario Total de préstamos Signatura topográfica completa Código de barras Fecha visto por última vez Precio válido a partir de Tipo de ítem Koha
        Monografías: Libros y Folletos General General En catalogación 27.05.2010 LF1   nnnn C196l 19178-10 25.06.2020 25.06.2020 Préstamo en sala

Powered by Koha